000 00485nam a2200193 a 4500
001 1770460530529
003 YourLibrary
005 20260207160835.0
008 260207s2002##################000#0#eng##
020 _a9780333947517
082 0 4 _a306.4
_bEVA
100 1 _aEvans, Mary,
_eauthor.
245 1 0 _aReal Bodies :
260 _bPalgrave Macmillan,
_c2002.
300 _a204 pages
650 0 _aSocial Science.
942 _cENGLISH
040 _aYourLibrary
_beng
_cYourLibrary
999 _c611249
_d611249